| 000 | 01548nam a22003857a 4500 | ||
|---|---|---|---|
| 003 | CHAP | ||
| 005 | 20220329143926.0 | ||
| 008 | 310812s2012 mx r 00010 spa d | ||
| 010 | _a103807 | ||
| 011 | _a104779 | ||
| 035 | _a115469 | ||
| 040 | _cCHAP | ||
| 090 | _aTesis | ||
| 100 | 1 |
_aAlmengor Gandara, José Roberto. _94537 |
|
| 245 | 1 | 0 |
_aEstudio de factibilidad Técnico económico para el establecimiento de una planta empacadora de mango (Mangifera indica) en Tapachula, Chiapas _h[En línea] _c/por José Roberto Almengor Gandara y Francisco Javier Roque Guzmán |
| 260 |
_aChapingo, Méx. : _bEl autor, _c2012 |
||
| 500 | _aPara ver el contenido del material haga clic en la liga | ||
| 502 | _aTesis (Ing. Agroindustrial) -- UACH. Departamento de Ingeniería Industrial | ||
| 590 |
_aALEPH _b10 _c20130110 _lUCH01 _h1546 |
||
| 590 |
_aBATCH-UPD _b10 _c20130110 _lUCH01 _h1941 |
||
| 590 |
_aBATCH-UPD _b10 _c20130410 _lUCH01 _h0612 |
||
| 590 |
_aBATCH-UPD _b10 _c20130914 _lUCH01 _h0242 |
||
| 590 |
_aBATCH-UPD _b10 _c20140324 _lUCH01 _h1533 |
||
| 590 |
_aBATCH-UPD _b10 _c20141002 _lUCH01 _h0855 |
||
| 590 |
_aBATCH _b00 _c20181121 _lUCH01 _h0758 |
||
| 590 |
_aCONVERSION _b10 _c20130109 _lUCH01 _h1357 |
||
| 650 | 1 | 4 |
_aMango _xChiapas. _970401 |
| 650 | 1 | 4 |
_aMango _xIndustria. _970427 |
| 700 | 1 |
_aRoque Guzmán, Francisco Javier. _999810 |
|
| 856 |
_3Finding aid _uhttp://10.13.5.2/tesis/115469.pdf _zTeclea aqui |
||
| 856 |
_a1 _n0000222 |
||
| 901 | _aBK | ||
| 942 | _cTESIS | ||
| 949 |
_aTesis _bBC _cTES _d33724002345579 _eTS1 _h53890 _i115469 _st |
||
| 999 |
_c103807 _d103807 |
||